000 00691nam a2200229Ia 4500
003 OSt
005 20220927104820.0
006 a|||||r|||| 00| 0
007 ta
008 220926b |||||||| |||| 00| 0 eng d
024 _a150584
037 _cReference Collections
040 _aRTL
_cRTL
_beng
041 _2eng
_aeng
082 _a"X9(D24):8.1.N9, N7/UN"
110 _a"UN,Economic and Social(Commission)"
_9367480
245 0 _aGuidelines on water and sustainable development
260 _c1997
700 _a"UN,Economic and Social(Commission)"
_9367481
942 _h"X9(D24):8.1.N9, N7/UN"
_cCC
999 _c688797
_d688797